00682nam a2200241 a 4500001000400000003000800004005001700012008004100029020001800070035001400088040003200102041000800134082002600142100001300168245008400181260004400265300002300309504003700332650002200369650002100391650001000412700001800422591BD-RjUL20211208233214.0150211s2011 ii || b 001 0 eng  a9788184950991 a(BD-RjUL) aDLCcDLCdDLCdBD-RjULbeng aeng00a658.155bBAR 2011220 aBasu, D.10aRisk management : bContemporary Trends and Practices /cD. Basu & D. K. Sinha. aDelhi :bJaico Publishing House,c2011. ax,148 p. ;c26 cm. aIncludes bibliography and index. a Risk management. aRisk perception. aRisk. aSinha, D. K.